NBA Players Colleges - Statistics

General Stats
  • This quiz has been taken 95 times
  • The average score is 24 of 30
Answer Stats
Player Names Answer % Correct
Stephen Curry Davidson Wildcats
99%
Anthony Davis Kentucky Wildcats
96%
Karl-Anthony Towns Kentucky Wildcats
96%
Kevin Durant Texas Longhorns
96%
John Wall Kentucky Wildcats
95%
Blake Griffin Oklahoma Sooners
95%
Trae Young Oklahoma Sooners
94%
Kevin Love UCLA Bruins
94%
Jimmy Butler Marquette Golden Eagles
90%
Kemba Walker UConn Huskies
90%
Chris Paul Wake Forest Demon Deacons
90%
James Harden Arizona State Sun Devils
89%
Joel Embiid Kansas Jayhawks
88%
Devin Booker Kentucky Wildcats
88%
Kawhi Leonard San Diego State Aztecs
86%
De'Aaron Fox Kentucky Wildcats
83%
Damian Lillard Weber State Wildcats
79%
Victor Oladipo Indiana Hoosiers
78%
Julius Randle Kentucky Wildcats
77%
Zach LaVine UCLA Bruins
77%
DeMar DeRozan USC Trojans
70%
Jamal Murray Kentucky Wildcats
69%
Donovan Mitchell Louisville Cardinals
69%
Jrue Holiday UCLA Bruins
65%
Jaren Jackson Jr. Michigan State Spartans
63%
Kyle Lowry Villanova Wildcats
60%
Tim Hardaway Jr. Michigan Wolverines
59%
Terry Rozier Louisville Cardinals
53%
Khris Middleton Texas A&M Aggies
49%
Nikola Vučević USC Trojans
47%
No matching quizzes found
Score Distribution
Percent of People with Each Score
Percentile by Number Answered
Your Score History
You have not taken this quiz